000 01121nam a22001577a 4500
003 NUST
020 _a9788126920075
082 _a973.0497,SIN
100 _aSingh, Saviat
_9104612
245 _aDecisive Indian Battles and Wars /
_cSaviat Singh,
260 _aAtlantic
_bNew Delhi
_c2015
300 _a194 p
505 _aBattle of Kurukshetra (Page-1), Battle of Hyaspes (Page-10), Battle of Kalinga (Page-16), Battle of Train (Page-23), The First battle of Panipat (Page-30), Battle of Khanwa (Page-37), Battle of Kannauj (Page-45), The Second battle of Panipat (Page-50), Battl of Talikota (Page-57), Battle of Haldighati (Page-64), Battle of Samugarh (Page-71), Battle of Plassey (Page-78), Battle of Wandiwash (Page-84), The Third battle of Panipat (Page-92), Battle of Buxar (Page-101), The Mysore wars (Page-107), The First Anglo Sikh War (Page-120), Battle of Chillianwala (Page-126), The War of 1857 (Page-133), 1948, First Indo-Pak War (Page-143), The 1965 Indo-Pak War (Page-162), 1971. Bangladesh War (Page-171), The Kargil War (Page-181).
650 _aIndian Battles and Wars
_9104613
942 _2ddc
_cBK
999 _c592643
_d592643